000 00246nam a22001217a 4500
008 181029b xxu||||| |||| 00| 0 eng d
041 _aeng
080 _a910
100 _a41
101 _aGJEO
245 _aDanmark
_cDurch, Q
942 _2udc
_cBK
999 _c50996
_d50996